000 01343nam a2200325 4500
001 0000017492
003 CO-CtgCURN
005 20250429224001.0
007 ta
008 160627s1997 000 0 eng d
020 _a9586760219
040 _aCO-CtgCURN
_bspa
_ccoctgcurn
082 0 _a350.986
_bS15n
100 1 _aSandoval Rojas, Marley.
245 1 0 _aNuevo regimen antitramites :
_bdecreto No. 2150 de 1995, comentarios, concordancias, practica /
_cMarleny Sandoval Rojas, Jaime Mejia Ossman, Pedro Alfonso Pabon Parra.
260 _aBogotá :
_bEdiciones Doctrina y Ley,
_c1997.
300 _axvi, 249 p.
336 _2rdacontent
337 _2rdamedia
_asin mediacion
_bn
338 _2rdacarrier
_avolumen
_bnc
500 _aDecreto 2150 de 1995.
505 8 _aReconocimiento de personerias juridicas.--Licencia de funcionamiento.--Licencias de funcionamiento.--Titulos academicos y profesionales.--Ministerio del interior.--Ministerio de relaciones exteriores
650 1 4 _aTramites de documentos
_vLegislacion.
700 1 _aMejia Ossman, Jaime.
908 _a160627
942 _cBK
_h350.986
_iS15n
_2ddc
999 _c34297
_d34297